000 00459nam a2200169Ia 4500
008 180921t2015 xxu||||| |||| 00| 1 sin d
041 _asin
080 _aX8C31
_bPER
100 _aPerera, Hema Sudasinghe
245 _aසංක්‍රාන්තිය නිමා විය
246 _aSankranthiya Nima Viya
260 _bGodage
_aColombo
_c2015
300 _a143p,, 21cm
942 _cBK
999 _c8471
_d8471
003 LK-CoDNM
040 _aLK-CoDNM
_dLK-CoDNM
_eLK-CoDNM